000
00276nam a22001217a 4500
082
_a
823
_b
HOR/O
100
_a
HORSBURG, NICHOLAS
245
_a
OXFORD READING CIRLCE
260
_a
DELHI
_b
OXFORD UNIVERSITY
_c
2003
300
_a
142
650
_a
ENGLISH STORY
_z
INDIA
942
_c
BK
999
_c
7515
_d
7515